|
|
|
|
| LEADER |
00691nam a2200181 a 4500 |
| 001 |
000646057 |
| 003 |
CZ BrMZK |
| 005 |
20030120134215.0 |
| 008 |
030115s1919 xr f cze d |
| 040 |
|
|
|a BOA001
|b cze
|c BOA001
|
| 100 |
1 |
|
|a Válek, Jan,
|d 1869-1937
|7 jk01141209
|4 aut
|
| 245 |
1 |
0 |
|a Výroční zpráva ... 25 letého trvání moravského zemského ústavu pro výchovu dítek hluchoněmých v Ivančicích :
|b 1894-1919 /
|c sestavil Jan Válek
|
| 260 |
|
|
|a Ivančice :
|b Moravský zemský výbor,
|c 1919
|
| 300 |
|
|
|a 40 s., příl.
|
| 910 |
|
|
|a BOA001
|b X-0354.467
|
| 990 |
|
|
|a BK
|
| 993 |
|
|
|a Y
|
| 996 |
6 |
|
|b 2618989570
|c X-0354.467
|l MZK
|r Sklad / do 24 hodin
|n 0
|w 000646057
|u 000010
|a 1
|e BOA001
|j MZK50
|s P
|